| 000 | 00738nam a2200277 a 4500 | ||
|---|---|---|---|
| 003 | AR-BaBNM | ||
| 005 | 20251128210338.0 | ||
| 008 | 082120s2002 ||||||||||||||000 | spa|| | ||
| 020 | _a84-329-8630-5 | ||
| 040 | _cAR-BaBNM | ||
| 100 | 1 | _aZuccherini, Renzo | |
| 245 | 0 | 0 | _aCómo educar la comunicación oral |
| 250 | _a1ª ed. | ||
| 260 |
_aBarcelona _bEdiciones CEAC _c1992 |
||
| 300 |
_a130 p. _bil., tablas |
||
| 490 | 0 | _aEducación y enseñanza | |
| 650 | 4 | _aCOMUNICACION VERBAL | |
| 650 | 4 | _aEXPRESION ORAL | |
| 650 | 4 | _aHABLA | |
| 650 | 4 | _aACTIVIDADES DE APRENDIZAJE | |
| 650 | 4 | _aTECNICAS DIDACTICAS | |
| 653 | _aENSENANZA DE LA LENGUA | ||
| 800 | 1 |
_aSarramona, Jaume _edirector |
|
| 942 | _cBK | ||
| 998 | _cRAQUEL | ||
| 999 |
_c15059 _d15059 |
||